[Event "CZE-chT 9293"]
[Site "Czech Republic"]
[Date "1993.02.07"]
[Round "6"]
[White "Rybak, Milan"]
[Black "Tobyas, Miroslav"]
[Result "0-1"]
[WhiteElo "2290"]
[BlackElo "2285"]
[PlyCount "80"]
[EventDate "1992.11.28"]
[EventType "team-tourn"]
[EventRounds "9"]
[EventCountry "CZE"]
[SourceTitle "EXT 2019"]
[Source "ChessBase"]
[SourceDate "2018.10.10"]
[SourceVersion "1"]
[SourceVersionDate "2018.10.10"]
[SourceQuality "1"]
[WhiteTeam "Kolin SK Sokol"]
[BlackTeam "Praha DP Tarok"]
[WhiteTeamCountry "CZE"]
[BlackTeamCountry "CZE"]

1. e4 c5 2. c3 d6 3. d4 Nf6 4. Bd3 Nc6 5. Nf3 e5 6. dxe5 dxe5 7. 0-0 Be7 8. Qe2 0-0 9. Na3 Be6 10. Nc4 Qc7 11. a4 h6 12. Ne3 Rfd8 13. Nf5 Bxf5 14. exf5 Rxd3 15. Qxd3 e4 16. Qe2 exf3 17. Qxf3 Bd6 18. Qh3 Re8 19. Be3 Nd5 20. Rad1 Nxe3 21. fxe3 Be5 22. f6 Bxf6 23. Rd7 Qe5 24. Rxb7 Qxe3+ 25. Qxe3 Rxe3 26. Rc7 Re6 27. Rf5 c4 28. Rc5 Ne5 29. g3 a6 30. a5 Rd6 31. h4 Rd2 32. Kf1 Rxb2 33. Ra7 Ng4 34. h5 Bxc3 35. Rc8+ Kh7 36. Rxf7 Nf6 37. g4 Ne4 38. Rxc4 Nd2+ 39. Ke2 Nxc4+ 40. Kd3 Nxa5 0-1